| 000 | 00768cam a22002533a 4500 | ||
|---|---|---|---|
| 001 | 14568 | ||
| 003 | PGUSA | ||
| 005 | 20140828083318.0 | ||
| 008 | 050103s2005||||xxu|||||s|||||000 | eng d | ||
| 040 |
_aPGUSA _beng |
||
| 042 | _adc | ||
| 050 | 4 | _aPR | |
| 245 | 1 | 0 |
_aSir Gawayne and the Green Knight : _bAn Alliterative Romance-Poem (c. 1360 A.D.) _h[electronic resource] |
| 260 |
_bProject Gutenberg, _c2005 |
||
| 506 | _aPublic domain in the USA. | ||
| 516 | _aElectronic text | ||
| 653 | _aArthurian romances | ||
| 653 | _aGawain (Legendary character) -- Romances | ||
| 700 | 1 |
_aMorris, Richard, _d1833-1894 |
|
| 740 | 0 | _aGawain and the Grene Knight | |
| 830 | 0 |
_aProject Gutenberg _v14568 |
|
| 856 | 4 | 0 | _uhttp://www.gutenberg.org/ebooks/14568 |
| 942 | _cEB | ||
| 999 |
_c243823 _d243823 |
||